Introduction to Automata Theory, Languages (Record no. 3524)
[ view plain ]
| 000 -LEADER | |
|---|---|
| fixed length control field | 00359nam a2200133Ia 4500 |
| 008 - FIXED-LENGTH DATA ELEMENTS--GENERAL INFORMATION | |
| fixed length control field | 191201s2002 xx 000 0 und d |
| 082 ## - DEWEY DECIMAL CLASSIFICATION NUMBER | |
| Classification number | 005.131 |
| Item number | HOI |
| 100 ## - MAIN ENTRY--PERSONAL NAME | |
| Personal name | Hopcroft, John E, |
| 245 #0 - TITLE STATEMENT | |
| Title | Introduction to Automata Theory, Languages |
| 260 ## - PUBLICATION, DISTRIBUTION, ETC. (IMPRINT) | |
| Place of publication, distribution, etc | N.Delhi |
| Name of publisher, distributor, etc | Narosa Publication House |
| Date of publication, distribution, etc | 2002 |
| 300 ## - PHYSICAL DESCRIPTION | |
| Extent | 418 |
| 650 ## - SUBJECT ADDED ENTRY--TOPICAL TERM | |
| Topical term or geographic name as entry element | B.Tech(CSE) |
| 942 ## - ADDED ENTRY ELEMENTS (KOHA) | |
| Source of classification or shelving scheme | Dewey Decimal Classification |
| Koha item type | Text Books |
| 942 ## - ADDED ENTRY ELEMENTS (KOHA) | |
| -- | 9 |
| Withdrawn status | Lost status | Source of classification or shelving scheme | Damaged status | Not for loan | Collection code | Home library | Current library | Date acquired | Source of acquisition | Cost, normal purchase price | Bill Number | Total Checkouts | Full call number | Acc. no. / Barcode | Date last seen | Date last borrowed | Bill Date | Koha item type | Public note |
|---|---|---|---|---|---|---|---|---|---|---|---|---|---|---|---|---|---|---|---|
| Dewey Decimal Classification | B.Tech(CSE) | PIET C-LIBRARY | PIET C-LIBRARY | 03/10/2008 | J B C, New Delhi | 225.00 | S1-2185 | 2 | 005.131 HOI | 9393 | 03/06/2023 | 29/08/2022 | 01/08/2008 | Text Books | |||||
| Dewey Decimal Classification | B.Tech(CSE) | PIET C-LIBRARY | PIET C-LIBRARY | 03/10/2008 | J B C, New Delhi | 225.00 | S1-2185 | 1 | 005.131 HOI | 9394 | 13/03/2025 | 21/01/2022 | 01/08/2008 | Text Books | . | ||||
| Dewey Decimal Classification | B.Tech(CSE) | PIET C-LIBRARY | PIET C-LIBRARY | 03/10/2008 | J B C, New Delhi | 225.00 | S1-2185 | 005.131 HOI | 9395 | 04/12/2019 | 01/08/2008 | Text Books | |||||||
| Dewey Decimal Classification | B.Tech(CSE) | PIET C-LIBRARY | PIET C-LIBRARY | 03/10/2008 | J B C, New Delhi | 225.00 | S1-2185 | 005.131 HOI | 9396 | 04/12/2019 | 01/08/2008 | Text Books | |||||||
| Dewey Decimal Classification | B.Tech(CSE) | PIET C-LIBRARY | PIET C-LIBRARY | 03/10/2008 | J B C, New Delhi | 225.00 | S1-2185 | 1 | 005.131 HOI | 9397 | 14/12/2021 | 01/12/2021 | 01/08/2008 | Text Books | |||||
| Dewey Decimal Classification | B.Tech(CSE) | PIET C-LIBRARY | PIET C-LIBRARY | 03/10/2008 | J B C, New Delhi | 225.00 | S1-2185 | 3 | 005.131 HOI | 9398 | 20/01/2023 | 16/01/2023 | 01/08/2008 | Text Books | |||||
| Dewey Decimal Classification | B.Tech(CSE) | PIET C-LIBRARY | PIET C-LIBRARY | 03/10/2008 | J B C, New Delhi | 225.00 | S1-2185 | 1 | 005.131 HOI | 9399 | 08/12/2021 | 29/11/2021 | 01/08/2008 | Text Books | |||||
| Dewey Decimal Classification | B.Tech(CSE) | PIET C-LIBRARY | PIET C-LIBRARY | 03/10/2008 | J B C, New Delhi | 225.00 | S1-2185 | 2 | 005.131 HOI | 9400 | 06/12/2023 | 21/11/2023 | 01/08/2008 | Text Books |